| 000 | 02486nam0a2200409 4500 | ||
|---|---|---|---|
| 001 | RU\NLR\bibl\850852 | ||
| 005 | 20250614151926.0 | ||
| 021 |
_aRU _b2005-24348 _91232 |
||
| 035 | _a(nilc)RSL-KNO-002598715 | ||
| 035 | _a(NLR Aleph) 000839603 | ||
| 090 |
_a1412049 _c1412049 |
||
| 100 | _a20050505d2005 |||y0rusy50 ca | ||
| 101 | 0 | _arus | |
| 102 | _aRU | ||
| 105 | _aa ||||||||| | ||
| 106 | _ar | ||
| 200 | 1 |
_aПрофессор А.Ф. Притула (1883-1938) _eдля Рос. гос. ун-та нефти и газа им. И.М. Губкина М-ва образования и науки Рос. Федерации _fВ.В. Притула, А.В. Черникин _g[Фак. проектирования, сооружения и эксплуатации систем трубопровод. трансп.] |
|
| 210 |
_aМ. _cИзд. Прпитула В.В., Черникин А.В. _d2005 _gПИК ВИНИТИ |
||
| 215 |
_a46 с. _cил., портр., факс. _d21 |
||
| 225 | 1 |
_aВыдающиеся ученые РГУ нефти и газа им. И.М. Губкина _vВып. М. |
|
| 300 | _aВ конце кн. авт.: Притула В.В. - д.т.н., проф., д.чл. Жилищ.-куммун. акад. РФ, чл.-кор. Рос. акад. естеств. наук, засл. работник нефт. и газ. пром-сти Рос. Федерации, Черникин А.В. - к.т.н., доц. | ||
| 300 | _aНа обл. авт. не указаны | ||
| 300 | _aНа тит.л.: К 75-летию РГУ нефти и газа им. И. М. Губкина | ||
| 600 | 1 |
_aПритула _bА.Ф. _f1883 - 1938 _gАлександр Фомич _92394175 _3RU\NLR\auth\661427545 |
|
| 610 | 0 | _aТранспорт -- Трубопроводный транспорт -- Притула Александр Фомич (1883-1938) - специалист в области трубопроводного транспорта | |
| 686 |
_aО7д(2)Притула А.Ф.,0 _2rubbk |
||
| 686 | _aИ361д(2)Притула | ||
| 700 | 1 |
_4070 _7ca _8rus _aПритула _bВ. В. _f1937-2015 _gВсеволод Всеволодович _9271672 _3RU\NLR\AUTH\770271728 |
|
| 701 | 1 |
_aЧерникин _bА. В. _gАлексей Вадимович _4070 |
|
| 801 | 0 |
_aRU _bRuMoRKP _c20050505 |
|
| 801 | 1 |
_aRU _bRuMoRGB _c20050505 |
|
| 801 | 2 |
_aRU _bNLR _c20051010 _grcr |
|
| 830 | _aАвт. по кн. | ||
| 942 | _cBOOK | ||
| 980 | _aNB | ||